000 00683nam a2200253Ia 4500
001 Z_694
003 CHAP
008 220113s1881 xx 000 0 und d
010 _a163787
040 _cCHAP
090 _aTesis V 605
100 _aVelasco, Octaviano
_9118460
245 _aImportación de borregos merinos a la Mesa Central de México /
_cOctaviano Velasco
260 _aMéxico :
_bEl autor,
_c1881
300 _a41 p.
502 _aTesis (Ing. Agrónomo Esp. en Médico Veterinario) -- ENA. Departamemto de Zootecnia
650 _aGanado lanar
_945150
901 _aTESIS V 605
902 _aM
910 _a1881
942 _c2
942 _c2
999 _c163787
_d163787